Statistics for Japanese Prefecture Superlatives

Click here to take the quiz!

General Stats

  • This quiz has been taken 80 times
  • The average score is 11 of 20

Answer Stats

CategoryAnswer% Correct
Most populatedTokyo
98%
Largest land areaHokkaido
88%
Most densely populatedTokyo
77%
Southernmost capital cityOkinawa
68%
Least densely populatedHokkaido
67%
Most railway stationsTokyo
63%
Least populatedTottori
63%
Smallest land areaKagawa
62%
Highest Point (Both are accepted)Shizuoka and Yamanashi
62%
Most airportsHokkaido
50%
Largest shipping amounts of appleAomori
48%
Most islandsNagasaki
48%
Has the capital city with the highest elevationNagano
47%
Largest rice yieldsNiigata
38%
Most sources of hot springsOita
37%
Largest number of citiesSaitama
35%
Largest shipping amounts of manufactured goodsAichi
33%
Most J-league clubsKanagawa
32%
Least populated capital cityYamanashi
30%
Largest number of farmer householdsNagano
18%

Score Distribution

Percentile by Number Answered

Percent of People with Each Score

Your Score History

You have not taken this quiz